UEFA Champions League Starting Lineups Quiz (1992-2001) - Statistics

General Stats
  • This quiz has been taken 18 times
  • The average score is 77 of 156
Answer Stats
Player % Correct
Ryan Giggs
100%
Zinedine Zidane
100%
Clarence Seedorf
92%
David Beckham
92%
Iker Casillas
92%
Paolo Maldini
92%
Alessandro Del Piero
83%
Claude Makelele
83%
Edgar Davids
83%
Fernando Morientes
83%
Franco Baresi
83%
Frank De Boer
83%
Gary Neville
83%
Jaap Stam
83%
Marco van Basten
83%
Oliver Kahn
83%
Peter Schmeichel
83%
Raul Gonzalez
83%
Ronald De Boer
83%
Alessandro Costacurta
75%
Andy Cole
75%
Danny Blind
75%
Denis Irwin
75%
Dwight Yorke
75%
Fernando Hierro
75%
Frank Rijkaard
75%
Lothar Matthaus
75%
Marcel Desailly
75%
Michael Ballack
75%
Roberto Carlos
75%
Santiago Canizares
75%
Steve McManaman
75%
Angelo Peruzzi
67%
Antonio Conte
67%
Edwin Van Der Sar
67%
Gaizka Mendieta
67%
Jari Litmanen
67%
Luis Figo
67%
Michel Salgado
67%
Pep Guardiola
67%
Stefan Effenberg
67%
Carsten Jancker
58%
Demetrio Albertini
58%
Didier Deschamps
58%
Filippo Inzaghi
58%
Gianluca Pessotto
58%
Gianluca Vialli
58%
Giovane Elber
58%
Hans-Jörg Butt
58%
Karl-Heinz Riedle
58%
Nicky Butt
58%
Romario
58%
Sebastiano Rossi
58%
Stefan Klos
58%
Andreas Möller
50%
Bixente Lizarazu
50%
Bodo Illgner
50%
Christian Panucci
50%
Ciro Ferrara
50%
Dejan Savicevic
50%
Fabien Barthez
50%
Fabrizio Ravanelli
50%
Finidi George
50%
Hristo Stoichkov
50%
Ivan Campo
50%
Ivan Helguera
50%
Jesper Blomqvist
50%
Kily Gonzalez
50%
Marc Overmars
50%
Mario Basler
50%
Massimiliano Vieri
50%
Mauro Tassotti
50%
Nwankwo Kanu
50%
Paolo Montero
50%
Paul Lambert
50%
Paulo Sousa
50%
Roberto Donadoni
50%
Ronald Koeman
50%
Samuel Kuffour
50%
Stephane Chapuisat
50%
Thomas Linke
50%
Willy Sagnol
50%
Winston Bogarde
50%
Alexander Zickler
42%
Andoni Zubizarreta
42%
Angelo Di Livio
42%
Basile Boli
42%
Bernd Schneider
42%
Christian Karembeu
42%
Fernando Redondo
42%
Filippo Galli
42%
Guillermo Amor
42%
Jens Jeremies
42%
Jocelyn Angloma
42%
John Carew
42%
Jürgen Kohler
42%
Lucio
42%
Manolo Sanchis
42%
Matthias Sammer
42%
Mehmet Scholl
42%
Michael Reiziger
42%
Michael Tarnat
42%
Miguel Angel Nadal
42%
Moreno Torricelli
42%
Oliver Neuville
42%
Roberto Ayala
42%
Ronny Johnsen
42%
Ruben Baraja
42%
Rudi Völler
42%
Santiago Solari
42%
Stefan Reuter
42%
Zvonimir Boban
42%
Albert Ferrer
33%
Alen Boksic
33%
Carsten Ramelow
33%
Cesar Sanchez
33%
Daniele Massaro
33%
Gianluigi Lentini
33%
Jose Mari Bakero
33%
Juan Sanchez
33%
Mark Iuliano
33%
Markus Babbel
33%
Nicolas Anelka
33%
Pablo Aimar
33%
Predrag Mijatovic
33%
Sergi Barjuan
33%
Sonny Silooy
33%
Vladimir Jugovic
33%
Abedi Pele
25%
Aitor Karanka
25%
Amedeo Carboni
25%
Hasan Salihamidzic
25%
Jörg Heinrich
25%
Kiki Musampa
25%
Marco Simone
25%
Martin Kree
25%
Mauricio Pellegrino
25%
Owen Hargreaves
25%
Patrik Andersson
25%
Pietro Vierchowod
25%
Sergio Porrini
25%
Txiki Begiristain
25%
Yıldıray Baştürk
25%
Claudio Lopez
17%
Diego Placente
17%
Eric Di Meco
17%
Franck Sauzee
17%
Gerard Lopez
17%
Miguel Angel Angulo
17%
Boris Zivkovic
8%
Gerardo Garcia
8%
Javier Farinos
8%
Jean-Jacques Eydelie
8%
Miroslav Djukic
8%
Thomas Brdaric
8%
Zoltan Sebescen
8%
No matching quizzes found
Score Distribution
Percent of People with Each Score
Percentile by Number Answered
Your Score History
You have not taken this quiz